| 000 | 00517cam a22002054a 4500 | ||
|---|---|---|---|
| 005 | 20250605164300.0 | ||
| 008 | 250528s ||||||||||||||||||||||||d | ||
| 035 | _a22024 | ||
| 020 | _a97896078745231 | ||
| 040 |
_aGR-AtMCL _bgre _dGR-AtMCL _eAACR2 |
||
| 245 | 1 | _aΜΑΚΡΟΟΙΚΟΝΟΜΙΚΗ ΘΕΩΡΙΑ ΚΑΙ ΠΡΑΚΤΙΚΗ | |
| 250 | _a1 | ||
| 260 |
_bRosili, _c2010 |
||
| 300 | _a636 | ||
| 700 | 1 |
_aBade Robin _97901 |
|
| 700 | 1 |
_aParkin Alan J _976 |
|
| 942 | _cBK | ||
| 999 |
_c7080 _d7080 |
||